000 00796nam a2200217Ii 4500
003 JO-AjNU
008 230605s9999||||xx |||||||||||||| ||und||
017 _a1986/3019
020 _a977-05-0413-0
040 _aJO-AjNU
_bara
_erda
_cJO-AjNU
041 _aara
050 1 4 _aHF5387.B7212.1986
100 3 _aبرايبرول،دافيد؛نرجمة:صلاح الدين الشريف,
_eauthor
_934371
245 0 0 _aالقيم الاخلاقية في عالم المال والاعمال=Ethics in the world of business
264 3 1 _aالقاهرة:مكتبة الانجلو المصرية؛1986
300 _a688ص
336 _atext
_btxt
_2rdacontent
337 _aunmediated
_bn
_2rdamedia
338 _avolume
_bnc
_2rdacarrier
650 4 _aادارة الاعمال-الاخلاق
_934372
999 _aA14087
_c17655
_d17655